<?xml version="1.0" encoding="UTF-8"?>
<record
    xmlns:xsi="http://www.w3.org/2001/XMLSchema-instance"
    xsi:schemaLocation="http://www.loc.gov/MARC21/slim http://www.loc.gov/standards/marcxml/schema/MARC21slim.xsd"
    xmlns="http://www.loc.gov/MARC21/slim">

  <leader>00505nam a22001457a 4500</leader>
  <controlfield tag="005">20250730160017.0</controlfield>
  <controlfield tag="008">250730b        |||||||| |||| 00| 0 eng d</controlfield>
  <datafield tag="050" ind1=" " ind2=" ">
    <subfield code="a">THE TD 227. R863 2021</subfield>
    <subfield code="b">C. 1</subfield>
  </datafield>
  <datafield tag="100" ind1=" " ind2=" ">
    <subfield code="a">GITONGA, RWANDA DOUGLAS</subfield>
  </datafield>
  <datafield tag="245" ind1=" " ind2=" ">
    <subfield code="a">ASSESSMENT OF ECOSYSTEM INTEGRITY BASED ON HABITAT QUALITY AND FISH INDICES OF RIVER KATHITA AND ASSOCIATED DAMS IN UPPER TANA BASIN, KENYA</subfield>
  </datafield>
  <datafield tag="260" ind1=" " ind2=" ">
    <subfield code="a">KISII</subfield>
    <subfield code="b">KSU</subfield>
    <subfield code="c">2021</subfield>
  </datafield>
  <datafield tag="300" ind1=" " ind2=" ">
    <subfield code="a">XVI, 116P.,ILL:</subfield>
  </datafield>
  <datafield tag="500" ind1=" " ind2=" ">
    <subfield code="a">INCLUDES REFERENCES</subfield>
  </datafield>
  <datafield tag="942" ind1=" " ind2=" ">
    <subfield code="2">lcc</subfield>
    <subfield code="c">REF</subfield>
  </datafield>
  <datafield tag="999" ind1=" " ind2=" ">
    <subfield code="c">215985</subfield>
    <subfield code="d">215985</subfield>
  </datafield>
  <datafield tag="952" ind1=" " ind2=" ">
    <subfield code="0">0</subfield>
    <subfield code="1">0</subfield>
    <subfield code="2">lcc</subfield>
    <subfield code="4">0</subfield>
    <subfield code="6">THE T D227 R863  02021</subfield>
    <subfield code="7">1</subfield>
    <subfield code="8">SC</subfield>
    <subfield code="9">372752</subfield>
    <subfield code="a">KSUL</subfield>
    <subfield code="b">KSUL</subfield>
    <subfield code="c">DISPLAY</subfield>
    <subfield code="d">2025-07-30</subfield>
    <subfield code="i">99000</subfield>
    <subfield code="l">0</subfield>
    <subfield code="o">THE TD 227. R863 2021</subfield>
    <subfield code="p">000000021164</subfield>
    <subfield code="r">2025-07-30 16:13:30</subfield>
    <subfield code="t">C.1</subfield>
    <subfield code="w">2025-07-30</subfield>
    <subfield code="y">REF</subfield>
  </datafield>
</record>
